| 000 | 00581nam a22001817a 4500 | ||
|---|---|---|---|
| 008 | 150520b xxu||||| |||| 00| 0 eng d | ||
| 020 | _a1551116839 | ||
| 041 | 0 | _aeng | |
| 080 | _a336.7 | ||
| 100 | _aBrawley, Mark R. | ||
| 245 | 0 | 0 |
_aPower, money, and trade : _cMark R. Brawley. |
| 260 |
_aPeterborough, Ont. : _bBroadview Press, _cc2005. |
||
| 300 |
_a468 p. : _bme il. ; _c23 cm. |
||
| 505 | _aIndex: f.447-468 | ||
| 650 | 0 | _aParatë e energjisë dhe tregtisë | |
| 650 | 0 | _aParatë e energjisë dhe tregtisë | |
| 942 |
_2ddc _cBK |
||
| 999 |
_c850 _d850 |
||